[Event "BRA-ch 87th"]
[Site "Cuiaba"]
[Date "2021.10.29"]
[Round "3"]
[White "Fogaca, Vinicius"]
[Black "Da Silva Santos, Jarlison"]
[Result "0-1"]
[WhiteElo "1776"]
[BlackElo "1774"]
[PlyCount "100"]
[EventDate "2021.10.28"]
[EventType "swiss"]
[EventRounds "11"]
[EventCountry "BRA"]
[SourceTitle "CBM 205 Extra"]
[Source "ChessBase"]
[SourceDate "2022.01.31"]
[SourceVersion "1"]
[SourceVersionDate "2022.01.31"]
[SourceQuality "1"]

1. d4 d6 2. c4 Nf6 3. Nc3 Bf5 4. f3 e6 5. e4 Bg6 6. Nge2 Be7 7. Be3 0-0 8. Qd2 Nbd7 9. g4 c5 10. Ng3 cxd4 11. Bxd4 Ne5 12. Be2 Rc8 13. h4 h5 14. Bxe5 dxe5 15. g5 Qxd2+ 16. Kxd2 Rfd8+ 17. Kc2 Nd7 18. Rhd1 Nb8 19. Bd3 Nc6 20. Nce2 Bc5 21. a3 Bf2 22. Rf1 Bc5 23. Rad1 a5 24. Kb3 Rd7 25. Nh1 Rcd8 26. Kc3 f5 27. Kc2 Nd4+ 28. Nxd4 Bxd4 29. Nf2 f4 30. b4 axb4 31. axb4 Ra8 32. Kb3 b6 33. c5 bxc5 34. Bc4 Kf7 35. Nd3 cxb4 36. Nxe5+ Bxe5 37. Rxd7+ Ke8 38. Rb7 Bc3 39. Bxe6 Ra6 40. Bd7+ Kf8 41. e5 Bd3 42. Ba4 Bxf1 43. Rb8+ Ke7 44. Rb7+ Ke6 45. Rxg7 Kxe5 46. Rh7 Be2 47. Rxh5 Bd1+ 48. Kc4 Bxa4 49. g6+ Kf6 50. Rh6 Kg7 0-1

[Event "BRA-ch 87th"]
[Site "Cuiaba"]
[Date "2021.10.28"]
[Round "1"]
[White "Filgueiras, Nathan Felipe"]
[Black "Da Silva Santos, Jarlison"]
[Result "1-0"]
[WhiteElo "2312"]
[BlackElo "1774"]
[PlyCount "51"]
[EventDate "2021.10.28"]
[EventType "swiss"]
[EventRounds "11"]
[EventCountry "BRA"]
[SourceTitle "CBM 205 Extra"]
[Source "ChessBase"]
[SourceDate "2022.01.31"]
[SourceVersion "1"]
[SourceVersionDate "2022.01.31"]
[SourceQuality "1"]

1. e4 d6 2. d4 Nf6 3. Nc3 g6 4. f4 Bg7 5. Nf3 Bg4 6. h3 Bxf3 7. Qxf3 c6 8. Bd3 Qb6 9. e5 dxe5 10. fxe5 Nfd7 11. Qf2 c5 12. Nd5 Qd8 13. Bc4 e6 14. 0-0 0-0 15. Nf6+ Nxf6 16. exf6 Bh6 17. dxc5 Nd7 18. Bxh6 Re8 19. Rad1 a6 20. Rd6 Qc7 21. Rxe6 Qxc5 22. Qxc5 Nxc5 23. Re7 Rxe7 24. fxe7 Ne6 25. Bxe6 fxe6 26. Rf8+ 1-0

[Event "Cuiaba Contaud op"]
[Site "Cuiaba"]
[Date "2019.06.02"]
[Round "6"]
[White "Taira, Erick Hideki"]
[Black "Da Silva Santos, Jarlison"]
[Result "1-0"]
[WhiteElo "1889"]
[BlackElo "1800"]
[PlyCount "75"]
[EventDate "2019.05.31"]
[EventType "swiss"]
[EventRounds "6"]
[EventCountry "BRA"]
[SourceTitle "EXT 2020"]
[Source "ChessBase"]
[SourceDate "2019.10.17"]
[SourceVersion "1"]
[SourceVersionDate "2019.10.17"]
[SourceQuality "1"]

1. e4 d6 2. d4 Nf6 3. Nc3 g6 4. f3 Bg7 5. Be3 c6 6. Qd2 0-0 7. 0-0-0 b5 8. Bd3 Nbd7 9. Bh6 Qa5 10. Kb1 Rb8 11. Bxg7 Kxg7 12. h4 b4 13. Nce2 e5 14. h5 Rh8 15. hxg6 hxg6 16. Rxh8 Kxh8 17. Qh6+ Kg8 18. Nh3 Qd8 19. Ng5 Qf8 20. Qh2 Qg7 21. Rh1 Bb7 22. Bc4 d5 23. dxe5 dxc4 24. exf6 Qxf6 25. Qh7+ Kf8 26. f4 c5 27. e5 Qg7 28. Qxg7+ Kxg7 29. Rh7+ Kg8 30. Rxf7 Nf8 31. g4 Bf3 32. Rxf8+ Kxf8 33. Nxf3 Kg7 34. f5 Rh8 35. f6+ Kf8 36. Kc1 Rh3 37. Ng5 Rh4 38. Nf4 1-0